Vývoj ekologicky akceptovateľných analytických metód na sledovanie nitrolátok v environmentálnych vzorkách

Saved in:
Bibliographic Details
Main Author: Okanovič, Senad (Author)
Other Authors: Hrouzková, Svetlana (Thesis advisor)
Format: Manuscript Book
Language:Slovak
Published: 2024
Subjects:
Online Access:http://is.stuba.sk/zp/portal_zp.pl?podrobnosti=176586
Tags: Add Tag
No Tags, Be the first to tag this record!

MARC

LEADER 00000ntm a22000003a 4500
001 stuzp98850
003 SK-STU
005 20240601210425.4
007 ta
008 150427s2015----xo-----f-mn---000-0-slo-d
040 |a STU  |b slo 
041 0 |a slo 
100 1 |a Okanovič, Senad  |u 041000  |4 aut  |U FCHPT Fakulta chemickej a potravinárskej technológie  |T FCHPT Ústav analytickej chémie  |X 105407  |U C1000  |Y 99  |7 105407 
242 0 1 |a Development of ecologically acceptable analytical methods for monitoring nitrates in environmental samples  |y eng 
245 1 0 |a Vývoj ekologicky akceptovateľných analytických metód na sledovanie nitrolátok v environmentálnych vzorkách 
260 |c 2024 
650 4 |a nitrozlúčeniny  |2 slo 
650 4 |a GC-ECD  |2 slo 
650 4 |a plynová chromatografia  |2 slo 
650 4 |a SDME  |2 slo 
650 4 |a nitro compounds  |2 eng 
650 4 |a gas chromatography  |2 eng 
650 4 |a SDME  |2 eng 
650 4 |a GC-ECD  |2 eng 
700 1 |a Hrouzková, Svetlana  |u 041000  |k Z1  |4 ths  |U FCHPT Fakulta chemickej a potravinárskej technológie  |T FCHPT Ústav analytickej chémie  |X 3892  |U C1000  |Y 99  |7 A000003892 
856 4 |u http://is.stuba.sk/zp/portal_zp.pl?podrobnosti=176586